00455nmm a2200169Ia 4500008004100000020001800041041000800059100002700067245002100094264004300115300001800158490001400176650002200190856004900212942000700261999001700268251105s9999||||xx |||||||||||||||||und|| a9788496049789 aspa aHidalgo Bayal, Gonzalo 0aEl cerco oblicuo a[Madrid, España] :bCalambur, c2005 a288 páginas aNarrativa aSpanish narrative uhttps://public.digitaliapublishing.com/a/879 cCF c89697d89697